| 000 | 00760nam a22002177a 4500 | ||
|---|---|---|---|
| 003 | NUST-PNEC | ||
| 005 | 20170116180726.0 | ||
| 008 | 141106b xxu||||| |||| 00| 0 eng d | ||
| 020 | _a8178351587 | ||
| 040 | _cPNEC | ||
| 082 | _a004 CHA | ||
| 100 |
_9930 _aChandra Ramesh |
||
| 245 |
_aInformation technology in 21st century (in 9 Volumes) Ethics and governance of the Internet. Volume.4 _cRamesh Chandra |
||
| 250 | _aVolume 4 | ||
| 260 |
_aNew Delhi : _bKalpaz Pub., _cc2003. |
||
| 300 |
_a9 v. 292 p. ; _c23 cm. |
||
| 500 | _aIncludes index. | ||
| 650 | _xMIS, Computer | ||
| 856 | _uhttp://www.amazon.com/Information-Technology-Century-Ramesh-Chandra/dp/8178351587/ref=sr_1_1?ie=UTF8&qid=1415259363&sr=8-1&keywords=8178351587 | ||
| 942 |
_2ddc _cBK |
||
| 999 |
_c61626 _d61626 |
||